15 Most Biodiverse Countries - Statistics

General Stats
  • This quiz has been taken 19 times
  • The average score is 11 of 15
Answer Stats
GBI Answer % Correct
512.34 Brazil
100%
280.13 United States
100%
337.18 Australia
94%
301.63 India
88%
365.84 China
82%
342.47 Mexico
82%
273.39 Venezuela
82%
369.76 Colombia
76%
418.78 Indonesia
76%
330.12 Peru
76%
291.58 Ecuador
65%
214.71 Malaysia
65%
226.57 Papua New Guinea
59%
216.97 Vietnam
47%
221.77 Myanmar
41%
No matching quizzes found
Score Distribution
Percent of People with Each Score
Percentile by Number Answered
Your Score History
You have not taken this quiz